01325nam a2200277 u 4500001001000000003000400010005001700014008004100031040002500072082002300097245023900120260006100359300005400420500004000474500003300514504003200547610007700579650004700656650006600703650006000769700003800829700003400867700003000901710006200931710005400993000002694OSt20250909091242.0090703s1991 dr bd r 000 0 spa d aDO-SdBNPbspacBNPHU a333.783bP699u22200aPlan de uso y gestión del parque nacional de los Haitises y áreas periféricas :bdocumento de síntesis /ccoordinación Joaquín Hernández de la Obra ; colaboración Antonio Fajardo de la Fuente, Rafael Cámara Artiguas. aSanto Domingo :bDirección Nacional de Parques,c1991. a381, (11 h.) p. :bil., mapa, diagrs. ;c23 cm. aIncluye referencias bibliográfcas aContiene 11 hojas plegables  aBibliografía : p. 378-38114aParque Nacional de los Haitises (La Romana, República Dominicana)z  0aParques NacionaleszRepública Dominicana 4aPlanificación de parques nacionaleszRepública Dominicana 4aReservas forestaleszLa Romana (República Dominicana)1 aHernández de la Obra, Joaquín1 aFajardo de la Fuente, Antonio1 aCámara Artiguas, Rafael2 aDirección Nacional de Parques (República Dominicana )2 aAgencia Española de Cooperación Internacional